| 000 | 00387nam a2200145Ia 4500 | ||
|---|---|---|---|
| 008 | 150201s1999 xx 000 0 und d | ||
| 082 |
_a617.6 _bO1999S |
||
| 100 | _aOXFORD | ||
| 245 | _aOXFORD HAND BOOK OF DENTAL PATIENT CARE | ||
| 250 | _a1ST | ||
| 260 |
_bOXFORD UNIVERSITY PRESS _aCHENNAI _c1999 |
||
| 300 | _a1-445 | ||
| 650 | _aPREVENTIVE AND COMMUNITY DENTISTRY | ||
| 942 |
_2ddc _cBK |
||
| 999 |
_c2646 _d2646 |
||